| 000 | 01043nam a2200277 i 4500 | ||
|---|---|---|---|
| 001 | bg | ||
| 100 | 1 | _aYOURDON, Edward | |
| 245 | 1 | 0 |
_aMarsz ku klęsce : _bporadnik dla projektanta systemów / _cEdward Yourdon ; z ang. przeł. Janina Bloch. |
| 246 |
_iTyt. oryg.: _aDeath match : the complete software developer's guide to surviving |
||
| 260 |
_aWarszawa : _bWydawnictwa Naukowo-Techniczne, _c1999. |
||
| 300 |
_a204 s. : _b2 il. ; _c24 cm. |
||
| 490 | 1 | _aLudzie, Komputery, Informacja | |
| 500 | _aTyt. oryg. : "Death match : the complete software developer's guide to surviving "mission impossible" projects, 1997. | ||
| 504 | _aBibliogr. przy rozdz. - Indeks. | ||
| 650 | 9 |
_aPraca zespołowa _xpsychologia |
|
| 650 | 9 |
_aSystemy informatyczne _xprojekty _xorganizacja |
|
| 655 | _aPoradniki | ||
| 830 | _aLudzie, Komputery, Informacja | ||
| 020 | _a8320424496 | ||
| 040 | _cBPK | ||
| 041 | 1 |
_apl _hen |
|
| 080 | _a004.41:331.101:159.9 | ||
| 920 | _a83-204-2449-6 | ||
| 942 | _cKS | ||
| 008 | s pl f |000 0 pol | ||
| 999 |
_c37475 _d37475 |
||